|
|
|
|
| LEADER |
00000nam0a2200000 4500 |
| 001 |
104072 |
| 005 |
20231031113843.0 |
| 035 |
|
|
|a (RuTPU)RU\TPU\book\112183
|
| 090 |
|
|
|a 104072
|
| 100 |
|
|
|a 20061025d1992 km y0rusy50 ca
|
| 101 |
0 |
|
|a rus
|
| 102 |
|
|
|a RU
|
| 105 |
|
|
|a y z 001zy
|
| 200 |
1 |
|
|a Долговечность магистральных и технологических трубопроводов. Теория, методы расчета, проектирование
|f Б. И. Завойчинский
|
| 210 |
|
|
|a Москва
|c Недра
|d 1992
|
| 215 |
|
|
|a 271 с.
|
| 320 |
|
|
|a Библиогр.: с. 265-268.
|
| 610 |
1 |
|
|a горное дело
|
| 610 |
1 |
|
|a магистральные трубопроводы
|
| 610 |
1 |
|
|a магистральный трубопроводный транспорт
|
| 610 |
1 |
|
|a долговечность
|
| 610 |
1 |
|
|a нагружение
|
| 610 |
1 |
|
|a предельные состояния
|
| 610 |
1 |
|
|a проектирование
|
| 675 |
|
|
|a 622.692.4
|v 3
|
| 700 |
|
1 |
|a Завойчинский
|b Б. И.
|g Борис Иванович
|
| 801 |
|
1 |
|a RU
|b 63413507
|c 20061025
|g PSBO
|
| 801 |
|
2 |
|a RU
|b 63413507
|c 20070227
|g PSBO
|
| 942 |
|
|
|c BK
|